[Event "Mercosur Cup 18th"]
[Site "Buenos Aires"]
[Date "2014.10.10"]
[Round "5"]
[White "Rodriguez Vila, Andres"]
[Black "Villanueva, Mario Nicolas"]
[Result "0-1"]
[WhiteElo "2434"]
[BlackElo "2438"]
[PlyCount "110"]
[EventDate "2014.10.06"]
[EventType "tourn"]
[EventRounds "9"]
[EventCountry "ARG"]
[EventCategory "7"]
[SourceTitle "EXT 2015"]
[Source "ChessBase"]
[SourceDate "2014.11.20"]
[SourceVersion "1"]
[SourceVersionDate "2014.11.20"]
[SourceQuality "1"]

1. e4 e5 2. Nf3 Nc6 3. Bc4 Nf6 4. Ng5 d5 5. exd5 Na5 6. Bb5+ Bd7 7. Qe2 Be7 8.
b4 Bxb4 9. Qxe5+ Qe7 10. Bxd7+ Nxd7 11. Qxe7+ Bxe7 12. d3 Bf6 13. c3 Nc5 14.
Be3 Nxd3+ 15. Ke2 Nb2 16. Ne4 O-O-O 17. d6 Be5 18. Na3 f5 19. Ng5 Bxd6 20. Nb5
Rhe8 21. Kf3 Nbc4 22. Nf7 Ne5+ 23. Nxe5 Rxe5 24. Nxd6+ Rxd6 25. Bd4 Re7 26.
Rhe1 Rdd7 27. Kf4 Nc6 28. Bc5 Rxe1 29. Rxe1 Rd5 30. Bf8 g6 31. Re2 Kd7 32. h4
Ra5 33. g3 Ra4+ 34. Kg5 Rg4+ 35. Kh6 f4 36. Re4 Nd8 37. Rxf4 Rxf4 38. gxf4 Ne6
39. Ba3 Nxf4 40. Kxh7 Ke6 41. Bc1 Nd3 42. Kxg6 Nxc1 43. f4 Ne2 44. f5+ Ke5 45.
f6 Nf4+ 46. Kg5 Ne6+ 47. Kg6 Nf4+ 48. Kg5 Ne6+ 49. Kg6 b5 50. f7 Kd6 51. Kf6 c5
52. h5 b4 53. cxb4 cxb4 54. h6 Nf8 55. Kg7 Ke7 0-1

[Event "Mercosur Cup 18th"]
[Site "Buenos Aires"]
[Date "2014.10.12"]
[Round "6"]
[White "Krysa, Leandro Sergio"]
[Black "Rodriguez Vila, Andres"]
[Result "1-0"]
[WhiteElo "2446"]
[BlackElo "2434"]
[PlyCount "40"]
[EventDate "2014.10.06"]
[EventType "tourn"]
[EventRounds "9"]
[EventCountry "ARG"]
[EventCategory "7"]
[SourceTitle "EXT 2015"]
[Source "ChessBase"]
[SourceDate "2014.11.20"]
[SourceVersion "1"]
[SourceVersionDate "2014.11.20"]
[SourceQuality "1"]

1. d4 e6 2. c4 Bb4+ 3. Nd2 d5 4. Qa4+ Nc6 5. Ngf3 Nf6 6. e3 O-O 7. Be2 dxc4 8.
O-O c3 9. bxc3 Bxc3 10. Rb1 Nd5 11. Qc2 e5 12. dxe5 Nxe5 13. Rd1 c6 14. e4 Nf4
15. Bf1 Qa5 16. Rb3 Nxf3+ 17. Nxf3 Be5 18. Nxe5 Qxe5 19. Ba3 Re8 20. Bb2 Qe7 {
Planilla ilegible, 1 - 0 en 40.} 1-0

[Event "Mercosur Cup 18th"]
[Site "Buenos Aires"]
[Date "2014.10.13"]
[Round "7"]
[White "Rodriguez Vila, Andres"]
[Black "Valerga, Diego"]
[Result "1/2-1/2"]
[WhiteElo "2434"]
[BlackElo "2468"]
[PlyCount "24"]
[EventDate "2014.10.06"]
[EventType "tourn"]
[EventRounds "9"]
[EventCountry "ARG"]
[EventCategory "7"]
[SourceTitle "EXT 2015"]
[Source "ChessBase"]
[SourceDate "2014.11.20"]
[SourceVersion "1"]
[SourceVersionDate "2014.11.20"]
[SourceQuality "1"]

1. d4 Nf6 2. c4 g6 3. Nc3 Bg7 4. e4 d6 5. Nf3 O-O 6. Be2 e5 7. dxe5 dxe5 8.
Qxd8 Rxd8 9. Nd5 Nxd5 10. cxd5 c6 11. Bc4 b5 12. Bb3 Bb7 1/2-1/2

[Event "Mercosur Cup 18th"]
[Site "Buenos Aires"]
[Date "2014.10.14"]
[Round "8"]
[White "Pichot, Alan"]
[Black "Rodriguez Vila, Andres"]
[Result "0-1"]
[WhiteElo "2473"]
[BlackElo "2434"]
[PlyCount "86"]
[EventDate "2014.10.06"]
[EventType "tourn"]
[EventRounds "9"]
[EventCountry "ARG"]
[EventCategory "7"]
[SourceTitle "EXT 2015"]
[Source "ChessBase"]
[SourceDate "2014.11.20"]
[SourceVersion "1"]
[SourceVersionDate "2014.11.20"]
[SourceQuality "1"]

1. e4 e6 2. d4 d5 3. Nd2 Nf6 4. e5 Nfd7 5. Bd3 c5 6. c3 Nc6 7. Ne2 cxd4 8. cxd4
f6 9. exf6 Nxf6 10. Nf3 Qc7 11. Bf4 Bb4+ 12. Nd2 Qb6 13. a3 Be7 14. b4 Nxd4 15.
Be3 e5 16. Nb3 Ng4 17. Nexd4 exd4 18. Bxd4 Qe6+ 19. Qe2 O-O 20. Qxe6+ Bxe6 21.
h3 Nf6 22. O-O b6 23. Rac1 Rac8 24. Ba6 Rxc1 25. Rxc1 Bd6 26. Rc6 Ne4 27. Nd2
Rd8 28. Nf1 Kf7 29. Ne3 h5 30. Bd3 g6 31. g4 Nd2 32. Be2 hxg4 33. Nxg4 Nc4 34.
Bxc4 dxc4 35. Ne5+ Ke7 36. Nxg6+ Kd7 37. Rxd6+ Kxd6 38. Nf4 Bf5 39. Kh2 Kc6 40.
Bf6 Rd2 41. Kg3 Ra2 42. h4 Rxa3+ 43. Kh2 Rf3 0-1

[Event "Villa Martelli op-A 21st"]
[Site "Villa Martelli"]
[Date "2014.11.07"]
[Round "1"]
[White "Rodriguez Vila, Andres"]
[Black "Ueti, Silvio Shigeo"]
[Result "1-0"]
[WhiteElo "2427"]
[BlackElo "2150"]
[PlyCount "63"]
[EventDate "2014.11.07"]
[EventType "swiss"]
[EventRounds "9"]
[EventCountry "ARG"]
[SourceTitle "CBM 163 Extra"]
[Source "ChessBase"]
[SourceDate "2014.12.23"]
[SourceVersion "1"]
[SourceVersionDate "2014.12.23"]
[SourceQuality "1"]

1. e4 c5 2. Nc3 e6 3. Nf3 a6 4. g3 b5 5. d4 cxd4 6. Nxd4 Bb7 7. Bg2 Nf6 8. O-O
b4 9. Na4 Bxe4 10. Bxe4 Nxe4 11. Re1 d5 12. Nxe6 fxe6 13. Qh5+ g6 14. Qe5 Qf6
15. Rxe4 Qxe5 16. Rxe5 Kf7 17. c3 bxc3 18. Re3 Bg7 19. Rf3+ Ke8 20. bxc3 Nc6
21. Nc5 Nd8 22. Rb1 Rc8 23. Nb7 Rxc3 24. Rxc3 Bxc3 25. Ba3 Nf7 26. Nc5 Ng5 27.
Rb7 a5 28. Kg2 h5 29. h4 Nf7 30. Nxe6 Bf6 31. Nc7+ Kd7 32. Nxd5+ 1-0

[Event "Villa Martelli op-A 21st"]
[Site "Villa Martelli"]
[Date "2014.11.08"]
[Round "2"]
[White "Mahia, Gustavo"]
[Black "Rodriguez Vila, Andres"]
[Result "1/2-1/2"]
[WhiteElo "2375"]
[BlackElo "2427"]
[PlyCount "41"]
[EventDate "2014.11.07"]
[EventType "swiss"]
[EventRounds "9"]
[EventCountry "ARG"]
[SourceTitle "CBM 163 Extra"]
[Source "ChessBase"]
[SourceDate "2014.12.23"]
[SourceVersion "1"]
[SourceVersionDate "2014.12.23"]
[SourceQuality "1"]

1. e4 c5 2. Nf3 g6 3. d4 cxd4 4. Nxd4 Bg7 5. c4 Nf6 6. Nc3 O-O 7. Be2 d6 8. O-O
Nbd7 9. Be3 Nc5 10. f3 Bd7 11. Qd2 a5 12. b3 Qb8 13. Rab1 Rc8 14. Rfd1 h5 15.
Ndb5 Kh7 16. Kh1 Be8 17. Bg5 Ne6 18. Be3 Nc5 19. Bg5 Ne6 20. Be3 Nc5 21. Bg5
1/2-1/2

[Event "Villa Martelli op-A 21st"]
[Site "Villa Martelli"]
[Date "2014.11.09"]
[Round "3"]
[White "Rodriguez Vila, Andres"]
[Black "Contin, Daniel"]
[Result "1-0"]
[WhiteElo "2427"]
[BlackElo "2327"]
[PlyCount "77"]
[EventDate "2014.11.07"]
[EventType "swiss"]
[EventRounds "9"]
[EventCountry "ARG"]
[SourceTitle "CBM 163 Extra"]
[Source "ChessBase"]
[SourceDate "2014.12.23"]
[SourceVersion "1"]
[SourceVersionDate "2014.12.23"]
[SourceQuality "1"]

1. e4 e6 2. Qe2 c5 3. g3 Nc6 4. Bg2 Nge7 5. c3 g6 6. h4 h6 7. Na3 Bg7 8. Nf3 e5
9. Nc4 d6 10. Qd3 d5 11. exd5 Bf5 12. Qe2 Nxd5 13. Nfxe5 Nxe5 14. Nxe5 O-O 15.
O-O Re8 16. d4 cxd4 17. cxd4 Nb6 18. Qd1 Re7 19. Bf4 f6 20. Nf3 Be4 21. Re1 Nd5
22. Qb3 Kh8 23. Bd2 Nb6 24. Bb4 Re8 25. Ne5 fxe5 26. Bxe4 exd4 27. Bxg6 Rxe1+
28. Rxe1 Qd5 29. Qd1 Nc4 30. b3 Ne5 31. Be4 Qb5 32. Bd2 Rf8 33. Bf4 Nd7 34. Qd2
Qb6 35. Bb1 Kg8 36. Qd3 Nc5 37. Qh7+ Kf7 38. Be5 Rg8 39. Bxd4 1-0

[Event "Villa Martelli op-A 21st"]
[Site "Villa Martelli"]
[Date "2014.11.10"]
[Round "4"]
[White "Rodriguez Vila, Andres"]
[Black "Real de Azua, Ernesto"]
[Result "1/2-1/2"]
[WhiteElo "2427"]
[BlackElo "2415"]
[PlyCount "106"]
[EventDate "2014.11.07"]
[EventType "swiss"]
[EventRounds "9"]
[EventCountry "ARG"]
[SourceTitle "CBM 163 Extra"]
[Source "ChessBase"]
[SourceDate "2014.12.23"]
[SourceVersion "1"]
[SourceVersionDate "2014.12.23"]
[SourceQuality "1"]

1. e4 e5 2. Nf3 Nc6 3. Bc4 Bc5 4. b4 Bxb4 5. c3 Be7 6. d4 Na5 7. Be2 d6 8. Nbd2
Nf6 9. dxe5 dxe5 10. Qa4+ c6 11. Nxe5 O-O 12. O-O Nd7 13. Nef3 Nc5 14. Qc2 Bg4
15. Re1 Re8 16. Bf1 Qc7 17. Bb2 Rad8 18. c4 Ne6 19. Be5 Bd6 20. Bc3 Bh5 21. e5
Bf8 22. Nb3 Nxb3 23. axb3 Bxf3 24. gxf3 Bc5 25. Qe4 Bd4 26. Rac1 Qb6 27. Bxd4
Rxd4 28. Qe3 Red8 29. Kh1 Qb4 30. Be2 a6 31. Rg1 Qd2 32. Rcd1 Qxe3 33. fxe3
Rxd1 34. Rxd1 Rxd1+ 35. Bxd1 a5 36. Kg2 Kf8 37. Kf2 Ke7 38. Ke2 Kd8 39. f4 Kc7
40. Kd3 b6 41. Bc2 h6 42. h4 Kd7 43. Kc3 Nc5 44. Bf5+ Ke7 45. h5 f6 46. exf6+
gxf6 47. Bc2 Kd6 48. Kd4 b5 49. cxb5 cxb5 50. e4 Ne6+ 51. Ke3 Nc5 52. Kd4 Ne6+
53. Ke3 Nc5 1/2-1/2

[Event "Villa Martelli op-A 21st"]
[Site "Villa Martelli"]
[Date "2014.11.11"]
[Round "5"]
[White "Liascovich, Lucas Agustin"]
[Black "Rodriguez Vila, Andres"]
[Result "1-0"]
[WhiteElo "2471"]
[BlackElo "2427"]
[PlyCount "28"]
[EventDate "2014.11.07"]
[EventType "swiss"]
[EventRounds "9"]
[EventCountry "ARG"]
[SourceTitle "CBM 163 Extra"]
[Source "ChessBase"]
[SourceDate "2014.12.23"]
[SourceVersion "1"]
[SourceVersionDate "2014.12.23"]
[SourceQuality "1"]

1. d4 e6 2. c4 Nf6 3. Nf3 Bb4+ 4. Bd2 Qe7 5. Nc3 b6 6. e3 Bb7 7. Bd3 O-O 8. Qc2
d6 9. O-O Nbd7 10. a3 Bxc3 11. Bxc3 e5 12. Nd2 Rae8 13. b4 e4 14. Be2 d5 1-0

[Event "Villa Martelli op-A 21st"]
[Site "Villa Martelli"]
[Date "2014.11.12"]
[Round "6"]
[White "Rodriguez Vila, Andres"]
[Black "Sosa, Tomas1"]
[Result "1-0"]
[WhiteElo "2427"]
[BlackElo "2331"]
[PlyCount "91"]
[EventDate "2014.11.07"]
[EventType "swiss"]
[EventRounds "9"]
[EventCountry "ARG"]
[SourceTitle "EXT 2016"]
[Source "ChessBase"]
[SourceDate "2015.10.08"]
[SourceVersion "1"]
[SourceVersionDate "2015.10.08"]
[SourceQuality "1"]

1. e4 e5 2. Nf3 Nc6 3. Bc4 Bc5 4. c3 Nf6 5. d3 d6 6. O-O O-O 7. Bg5 h6 8. Bh4
Bb6 9. Nbd2 Na5 10. a4 Nxc4 11. Nxc4 c6 12. Nxb6 axb6 13. d4 Qe7 14. Re1 Qe6
15. Qd3 Re8 16. c4 Nd7 17. b3 Qg6 18. Bg3 Qf6 19. Rad1 Nf8 20. Qe3 Bg4 21. dxe5
dxe5 22. Qxb6 Bxf3 23. gxf3 Ne6 24. Kg2 h5 25. h4 Re7 26. Qe3 Nf4+ 27. Bxf4
exf4 28. Qc5 Re5 29. Qd4 c5 30. Qa1 Qg6+ 31. Kf1 Qe6 32. Rd5 Qh3+ 33. Ke2 Re7
34. Rg1 f5 35. Re5 Qxh4 36. Rxf5 Rd8 37. Rd5 Rde8 38. Rdg5 Rxe4+ 39. fxe4 Rxe4+
40. Kf3 Rd4 41. Rxg7+ Kf8 42. Rg8+ Kf7 43. Qb1 Qh3+ 44. R1g3 fxg3 45. Qh7+ Ke6
46. Rg6+ 1-0

[Event "Villa Martelli op-A 21st"]
[Site "Villa Martelli"]
[Date "2014.11.13"]
[Round "7"]
[White "Flores, Diego"]
[Black "Rodriguez Vila, Andres"]
[Result "1/2-1/2"]
[WhiteElo "2580"]
[BlackElo "2427"]
[PlyCount "40"]
[EventDate "2014.11.07"]
[EventType "swiss"]
[EventRounds "9"]
[EventCountry "ARG"]
[SourceTitle "CBM 163 Extra"]
[Source "ChessBase"]
[SourceDate "2014.12.23"]
[SourceVersion "1"]
[SourceVersionDate "2014.12.23"]
[SourceQuality "1"]

1. c4 e5 2. g3 Nc6 3. Bg2 g6 4. Nc3 Bg7 5. d3 d6 6. e4 Nh6 7. h4 O-O 8. Nge2
Nd4 9. Nxd4 exd4 10. Ne2 Ng4 11. h5 c6 12. Qb3 Qf6 13. f3 Ne3 14. Bxe3 dxe3 15.
hxg6 hxg6 16. d4 Be6 17. f4 g5 18. Qxe3 Bxc4 19. e5 dxe5 20. dxe5 Qe7 1/2-1/2

[Event "Villa Martelli op-A 21st"]
[Site "Villa Martelli"]
[Date "2014.11.15"]
[Round "8"]
[White "Pichot, Alan"]
[Black "Rodriguez Vila, Andres"]
[Result "0-1"]
[WhiteElo "2464"]
[BlackElo "2427"]
[PlyCount "79"]
[EventDate "2014.11.07"]
[EventType "swiss"]
[EventRounds "9"]
[EventCountry "ARG"]
[SourceTitle "CBM 163 Extra"]
[Source "ChessBase"]
[SourceDate "2014.12.23"]
[SourceVersion "1"]
[SourceVersionDate "2014.12.23"]
[SourceQuality "1"]

1. e4 e6 2. d4 d5 3. Nd2 dxe4 4. Nxe4 Bd7 5. Nf3 Bc6 6. Bd3 Bxe4 7. Bxe4 c6 8.
O-O Nf6 9. Bd3 Nbd7 10. Qe2 Be7 11. c4 O-O 12. b3 Qa5 13. a3 Rfe8 14. Bb2 Qh5
15. Rfe1 c5 16. dxc5 Nxc5 17. Bc2 a5 18. Qd2 Red8 19. Qc3 Ncd7 20. Rad1 Qc5 21.
Nd4 Nf8 22. Nb5 Ng6 23. Qf3 Qc6 24. Qxc6 bxc6 25. Nd4 Rdc8 26. g3 Bc5 27. f4
Ne7 28. Kg2 Rab8 29. h3 h5 30. Kf3 Rb7 31. g4 hxg4+ 32. hxg4 Nd7 33. Rd2 Rcb8
34. Rh1 e5 35. Ne2 Ng6 36. f5 e4+ 37. Kxe4 Re8+ 38. Kf3 Nge5+ 39. Bxe5 Nxe5+
40. Kg3 0-1

[Event "Villa Martelli op-A 21st"]
[Site "Villa Martelli"]
[Date "2014.11.16"]
[Round "9"]
[White "Rodriguez Vila, Andres"]
[Black "Dolezal, Cristian"]
[Result "1-0"]
[WhiteElo "2427"]
[BlackElo "2386"]
[PlyCount "80"]
[EventDate "2014.11.07"]
[EventType "swiss"]
[EventRounds "9"]
[EventCountry "ARG"]
[SourceTitle "EXT 2016"]
[Source "ChessBase"]
[SourceDate "2015.10.08"]
[SourceVersion "1"]
[SourceVersionDate "2015.10.08"]
[SourceQuality "1"]

1. e4 g6 2. d4 Bg7 3. h4 h5 4. c3 d6 5. Bd3 Nf6 6. f3 Nc6 7. Ne2 e6 8. Bg5 Ne7
9. Nd2 Nh7 10. Be3 b6 11. Qc2 Bb7 12. O-O-O Qd7 13. Kb1 O-O-O 14. c4 c5 15. Nb3
Nc6 16. a3 e5 17. d5 Nd4 18. Nbxd4 exd4 19. Bf4 Kb8 20. b4 Rc8 21. bxc5 Rxc5
22. Nc1 Rhc8 23. Nb3 R5c7 24. Ka2 Be5 25. Bxe5 dxe5 26. Qf2 Nf6 27. Qg3 Qe8 28.
Rd2 Nd7 29. Rc1 Ka8 30. f4 f6 31. fxe5 fxe5 32. Rf2 Ba6 33. Qh3 Nc5 34. Nxc5
Rxc5 35. d6 Qa4 36. Bf1 Rd8 37. Qe6 Ra5 38. Rf3 Qb4 39. d7 Qd2+ 40. Kb1 Bb7 1-0

[Event "Buenos Aires La Porta Cup"]
[Site "Buenos Aires"]
[Date "2014.12.13"]
[Round "1"]
[White "Rodriguez Vila, Andres"]
[Black "Aguirre, Ayrton"]
[Result "1-0"]
[WhiteElo "2443"]
[BlackElo "1923"]
[PlyCount "71"]
[EventDate "2014.12.13"]
[EventType "swiss"]
[EventRounds "9"]
[EventCountry "ARG"]
[SourceTitle "EXT 2016"]
[Source "ChessBase"]
[SourceDate "2015.10.08"]
[SourceVersion "1"]
[SourceVersionDate "2015.10.08"]
[SourceQuality "1"]

1. e4 c5 2. Nc3 Nc6 3. Nge2 e6 4. g3 g6 5. d4 Bg7 6. dxc5 Qa5 7. Be3 Nf6 8. f3
O-O 9. Bg2 b6 10. cxb6 axb6 11. O-O d5 12. exd5 Nxd5 13. Nxd5 exd5 14. Nd4 Nxd4
15. Bxd4 Ba6 16. Rf2 Rfe8 17. Bxg7 Kxg7 18. f4 Rad8 19. Qd4+ Kg8 20. c3 Bc4 21.
f5 Qc5 22. b3 Qxd4 23. cxd4 Bd3 24. fxg6 hxg6 25. Rc1 Re7 26. a4 Rd6 27. Bf1
Bxf1 28. Kxf1 Kg7 29. Re2 Rf6+ 30. Ke1 Rfe6 31. Rxe6 Rxe6+ 32. Kd2 g5 33. Re1
Rh6 34. Re2 g4 35. Kc3 Rc6+ 36. Kb4 1-0

[Event "Buenos Aires La Porta Cup"]
[Site "Buenos Aires"]
[Date "2014.12.14"]
[Round "2"]
[White "Sponton, Esteban"]
[Black "Rodriguez Vila, Andres"]
[Result "1/2-1/2"]
[WhiteElo "2100"]
[BlackElo "2443"]
[PlyCount "61"]
[EventDate "2014.12.13"]
[EventType "swiss"]
[EventRounds "9"]
[EventCountry "ARG"]
[SourceTitle "EXT 2016"]
[Source "ChessBase"]
[SourceDate "2015.10.08"]
[SourceVersion "1"]
[SourceVersionDate "2015.10.08"]
[SourceQuality "1"]

1. e4 e6 2. d4 d5 3. Nd2 Nf6 4. e5 Nfd7 5. Bd3 b6 6. Ne2 Ba6 7. Bxa6 Nxa6 8.
O-O Qc8 9. c3 Qb7 10. Nf4 O-O-O 11. Qh5 g6 12. Qe2 Kb8 13. Nf3 h6 14. b4 c6 15.
a4 Nc7 16. b5 Rc8 17. Ba3 a5 18. bxa6 Qxa6 19. Nd3 Kb7 20. Qe3 Bxa3 21. Rxa3
Qa7 22. Raa1 Ra8 23. Qf4 Rh7 24. Rfb1 Na6 25. Qh4 Qb8 26. Qe7 Qd8 27. Qd6 Qc7
28. Qe7 Rc8 29. Nd2 Ka7 30. c4 Qd8 31. Qa3 1/2-1/2

[Event "Buenos Aires La Porta Cup"]
[Site "Buenos Aires"]
[Date "2014.12.15"]
[Round "3"]
[White "Rodriguez Vila, Andres"]
[Black "Vazquez, Maximiliano"]
[Result "1/2-1/2"]
[WhiteElo "2443"]
[BlackElo "2126"]
[PlyCount "84"]
[EventDate "2014.12.13"]
[EventType "swiss"]
[EventRounds "9"]
[EventCountry "ARG"]
[SourceTitle "EXT 2016"]
[Source "ChessBase"]
[SourceDate "2015.10.08"]
[SourceVersion "1"]
[SourceVersionDate "2015.10.08"]
[SourceQuality "1"]

1. e4 c5 2. Nf3 e6 3. Qe2 Nc6 4. c3 d5 5. d3 Nf6 6. e5 Nd7 7. Bf4 Be7 8. h4 b6
9. d4 Bb7 10. Qe3 Qc7 11. Be2 a6 12. Bg5 h6 13. Bxe7 Nxe7 14. h5 O-O-O 15. Nbd2
cxd4 16. cxd4 Nb8 17. O-O Nbc6 18. Qc3 Kd7 19. Rfc1 Ra8 20. b4 Rhc8 21. Rab1
Ke8 22. Qd3 Qd8 23. a4 a5 24. bxa5 Ba6 25. Qxa6 Rxa6 26. Bxa6 Rb8 27. Bb5 Kd7
28. Nb3 bxa5 29. Rc5 Rc8 30. Nxa5 Qxa5 31. Bxc6+ Nxc6 32. Rxa5 Nxe5 33. Rab5
Rd8 34. g4 Kc6 35. Kg2 Nc4 36. g5 Nb6 37. Rc5+ Kd7 38. a5 Nc4 39. Rcb5 Nxa5 40.
Kg3 Kc6 41. Rc5+ Kd7 42. Rc3 Nc6 1/2-1/2

[Event "Buenos Aires La Porta Cup"]
[Site "Buenos Aires"]
[Date "2014.12.16"]
[Round "4"]
[White "Godoy, Carlos"]
[Black "Rodriguez Vila, Andres"]
[Result "1-0"]
[WhiteElo "2074"]
[BlackElo "2443"]
[PlyCount "63"]
[EventDate "2014.12.13"]
[EventType "swiss"]
[EventRounds "9"]
[EventCountry "ARG"]
[SourceTitle "EXT 2016"]
[Source "ChessBase"]
[SourceDate "2015.10.08"]
[SourceVersion "1"]
[SourceVersionDate "2015.10.08"]
[SourceQuality "1"]

1. e4 c5 2. Nf3 d6 3. d4 Nf6 4. Nc3 cxd4 5. Nxd4 Nc6 6. Bg5 e6 7. Qd2 a6 8.
O-O-O Bd7 9. f3 h6 10. Be3 b5 11. Nxc6 Bxc6 12. Ne2 Be7 13. g4 Rc8 14. Nd4 Bd7
15. h4 Qc7 16. Rg1 g6 17. g5 hxg5 18. hxg5 Nh5 19. Ne2 b4 20. Kb1 e5 21. Rh1
O-O 22. f4 Ba4 23. b3 Bc6 24. Bg2 exf4 25. Nxf4 Ng3 26. Bd4 f6 27. Rh4 Nxe4 28.
Qe2 f5 29. Qc4+ d5 30. Nxd5 Bxd5 31. Qxd5+ Rf7 32. Rh8# 1-0

[Event "Buenos Aires La Porta Cup"]
[Site "Buenos Aires"]
[Date "2014.12.17"]
[Round "5"]
[White "Rodriguez Vila, Andres"]
[Black "Malbran, Guillermo"]
[Result "1-0"]
[WhiteElo "2443"]
[BlackElo "2244"]
[PlyCount "79"]
[EventDate "2014.12.13"]
[EventType "swiss"]
[EventRounds "9"]
[EventCountry "ARG"]
[SourceTitle "EXT 2016"]
[Source "ChessBase"]
[SourceDate "2015.10.08"]
[SourceVersion "1"]
[SourceVersionDate "2015.10.08"]
[SourceQuality "1"]

1. d4 Nf6 2. Nf3 e6 3. e3 b6 4. b3 Bb7 5. Bd3 Be7 6. O-O O-O 7. Bb2 c5 8. dxc5
bxc5 9. c4 d6 10. Nc3 Nbd7 11. Qc2 Bc6 12. Rad1 Qc7 13. Ng5 h6 14. Nge4 Qb7 15.
f4 Rad8 16. Nxf6+ Nxf6 17. e4 Nd7 18. Qe2 Bf6 19. e5 dxe5 20. Ne4 Bxe4 21. Bxe4
Qc7 22. f5 Rfe8 23. Rd3 Nf8 24. Rg3 Rd4 25. fxe6 Rxe6 26. Bd5 Rf4 27. Bc1 Re7
28. Qh5 Rxf1+ 29. Kxf1 e4 30. Bxh6 Qe5 31. Qxe5 Bxe5 32. Rg4 Ng6 33. Rxg6 Kh7
34. Bg5 Rc7 35. Rc6 Rxc6 36. Bxc6 f5 37. h4 g6 38. Be3 Bd4 39. Bxd4 cxd4 40. c5
1-0

[Event "Buenos Aires La Porta Cup"]
[Site "Buenos Aires"]
[Date "2014.12.18"]
[Round "6"]
[White "Garcia, Raimundo"]
[Black "Rodriguez Vila, Andres"]
[Result "0-1"]
[WhiteElo "2312"]
[BlackElo "2443"]
[PlyCount "75"]
[EventDate "2014.12.13"]
[EventType "swiss"]
[EventRounds "9"]
[EventCountry "ARG"]
[SourceTitle "EXT 2016"]
[Source "ChessBase"]
[SourceDate "2015.10.08"]
[SourceVersion "1"]
[SourceVersionDate "2015.10.08"]
[SourceQuality "1"]

1. d4 e6 2. Nf3 c5 3. e3 d5 4. c4 cxd4 5. exd4 Nf6 6. Nc3 Nc6 7. cxd5 Nxd5 8.
Bc4 Bb4 9. Qd3 Nf6 10. O-O O-O 11. a3 Bxc3 12. bxc3 b6 13. Bg5 Bb7 14. Rad1 Ne7
15. Rfe1 Ned5 16. Bb3 h6 17. Bd2 Qc7 18. c4 Nf4 19. Qe3 g5 20. d5 exd5 21. Qd4
Ne4 22. Bxf4 Qxf4 23. cxd5 Nc5 24. Qxf4 gxf4 25. Ba2 Rad8 26. Rd4 Rfe8 27. h4
Rxe1+ 28. Nxe1 Ne6 29. Rd1 Kf8 30. d6 Bc6 31. Nf3 Bxf3 32. gxf3 Ng7 33. Rd5 Ne8
34. Rf5 Nxd6 35. Rxf4 Ke7 36. Kg2 Rc8 37. Rd4 Rc2 38. Bd5 0-1

[Event "Buenos Aires La Porta Cup"]
[Site "Buenos Aires"]
[Date "2014.12.19"]
[Round "7"]
[White "Rodriguez Vila, Andres"]
[Black "Pierrot, Juan Facundo"]
[Result "1-0"]
[WhiteElo "2443"]
[BlackElo "2373"]
[PlyCount "92"]
[EventDate "2014.12.13"]
[EventType "swiss"]
[EventRounds "9"]
[EventCountry "ARG"]
[SourceTitle "EXT 2016"]
[Source "ChessBase"]
[SourceDate "2015.10.08"]
[SourceVersion "1"]
[SourceVersionDate "2015.10.08"]
[SourceQuality "1"]

1. d4 Nf6 2. Nf3 g6 3. Bg5 Bg7 4. Nbd2 d5 5. e3 O-O 6. Bd3 c5 7. c3 b6 8. O-O
Nbd7 9. b4 a5 10. bxc5 bxc5 11. Rb1 Ba6 12. Bxa6 Rxa6 13. Qe2 Qa8 14. Rfc1 Rc8
15. h3 Rac6 16. Qf1 e6 17. Bf4 a4 18. g4 Ne8 19. Bg3 cxd4 20. cxd4 Rxc1 21.
Rxc1 Rxc1 22. Qxc1 Bf8 23. Qc2 a3 24. g5 Qb7 25. Qa4 Ng7 26. Nb3 Nf5 27. Bf4
Qc8 28. Qa7 h6 29. gxh6 Qc6 30. Nc5 Nf6 31. Qxa3 Bxh6 32. Ne5 Qb6 33. Qa8+ Kg7
34. Qb7 Qxb7 35. Bxh6+ Nxh6 36. Nxb7 Ne8 37. a4 f6 38. Nc6 Nc7 39. a5 Kf7 40.
Nc5 Nf5 41. a6 Nd6 42. Kf1 Nc4 43. a7 e5 44. dxe5 fxe5 45. Ke2 Kf6 46. Nb4 Nb6
1-0

[Event "Buenos Aires La Porta Cup"]
[Site "Buenos Aires"]
[Date "2014.12.20"]
[Round "8"]
[White "Mareco, Sandro"]
[Black "Rodriguez Vila, Andres"]
[Result "1/2-1/2"]
[WhiteElo "2565"]
[BlackElo "2443"]
[PlyCount "59"]
[EventDate "2014.12.13"]
[EventType "swiss"]
[EventRounds "9"]
[EventCountry "ARG"]
[SourceTitle "EXT 2016"]
[Source "ChessBase"]
[SourceDate "2015.10.08"]
[SourceVersion "1"]
[SourceVersionDate "2015.10.08"]
[SourceQuality "1"]

1. d4 Nf6 2. c4 e6 3. Nf3 Bb4+ 4. Nbd2 O-O 5. a3 Bxd2+ 6. Bxd2 Ne4 7. Bf4 d6 8.
e3 f5 9. Bd3 b6 10. Nd2 Bb7 11. Nxe4 fxe4 12. Be2 Nd7 13. b4 Qe7 14. O-O a5 15.
Qd2 e5 16. Bg3 exd4 17. Qxd4 Qf6 18. Qxf6 Rxf6 19. Bg4 Ne5 20. Bxe5 dxe5 21.
Rfd1 Rd6 22. Rxd6 cxd6 23. Rd1 axb4 24. axb4 Bc8 25. Be2 Be6 26. h4 Rd8 27. c5
bxc5 28. bxc5 d5 29. Ba6 Rb8 30. c6 1/2-1/2

[Event "Buenos Aires La Porta Cup"]
[Site "Buenos Aires"]
[Date "2014.12.21"]
[Round "9"]
[White "Rodriguez Vila, Andres"]
[Black "Paveto, Kevin"]
[Result "0-1"]
[WhiteElo "2443"]
[BlackElo "2440"]
[PlyCount "66"]
[EventDate "2014.12.13"]
[EventType "swiss"]
[EventRounds "9"]
[EventCountry "ARG"]
[SourceTitle "EXT 2016"]
[Source "ChessBase"]
[SourceDate "2015.10.08"]
[SourceVersion "1"]
[SourceVersionDate "2015.10.08"]
[SourceQuality "1"]

1. e4 d5 2. exd5 Nf6 3. d4 Bg4 4. f3 Bf5 5. Ne2 Nxd5 6. Ng3 Bg6 7. c4 Nb4 8.
Na3 e5 9. dxe5 Qxd1+ 10. Kxd1 N8c6 11. f4 O-O-O+ 12. Ke1 Nd4 13. f5 Ndc2+ 14.
Nxc2 Nxc2+ 15. Kf2 Bc5+ 16. Kf3 Nxa1 17. fxg6 Rd1 18. Bf4 hxg6 19. b3 Nc2 20.
Ne4 Nd4+ 21. Kg4 Be7 22. Nc3 Re1 23. Bg3 Rc1 24. Nd5 Bd8 25. h3 c6 26. Nf4 f5+
27. exf6 gxf6 28. Nxg6 f5+ 29. Kf4 Re8 30. Ne5 Bc7 31. Ke3 Bxe5 32. Bxe5 Rxe5+
33. Kxd4 Ree1 0-1